[Event "Winnipeg TNT June op"]
[Site "Winnipeg"]
[Date "2013.06.11"]
[Round "2"]
[White "Kumaragamage, Sashika"]
[Black "Baron, Gustav L"]
[Result "0-1"]
[WhiteElo "1466"]
[BlackElo "1903"]
[PlyCount "52"]
[EventDate "2013.06.04"]
[EventType "swiss"]
[EventRounds "4"]
[EventCountry "CAN"]
[SourceTitle "EXT 2022"]
[Source "ChessBase"]
[SourceDate "2021.10.06"]
[SourceVersion "1"]
[SourceVersionDate "2021.10.06"]
[SourceQuality "1"]

1. d4 e6 2. c4 Nf6 3. Nf3 b6 4. Nc3 Be7 5. Bf4 Bb7 6. e3 0-0 7. Be2 d6 8. Bg3 Nbd7 9. 0-0 a6 10. Qc2 Rc8 11. b4 c5 12. bxc5 bxc5 13. Rab1 Qc7 14. Rfd1 Nh5 15. d5 Nxg3 16. hxg3 exd5 17. cxd5 Rb8 18. e4 Bf6 19. Bd3 Qa5 20. e5 Nxe5 21. Nxe5 Bxe5 22. Ne4 Bxd5 23. Nxd6 Rxb1 24. Qxb1 Bxa2 25. Bxh7+ Kh8 26. Qf5 Bxd6 0-1

[Event "Winnipeg Shpan Memorial"]
[Site "Winnipeg"]
[Date "2010.11.23"]
[Round "4.6"]
[White "Kumaragamage, Sashika"]
[Black "Milord, Frank"]
[Result "0-1"]
[WhiteElo "1400"]
[BlackElo "1669"]
[PlyCount "74"]
[EventDate "2010.11.02"]
[EventType "swiss"]
[EventRounds "6"]
[EventCountry "CAN"]
[SourceTitle "EXT 2022"]
[Source "ChessBase"]
[SourceDate "2021.10.06"]
[SourceVersion "1"]
[SourceVersionDate "2021.10.06"]
[SourceQuality "1"]

1. d4 d5 2. c4 c6 3. Nc3 Nf6 4. Bg5 Qa5 5. e3 Ne4 6. Nf3 dxc4 7. Qc2 Nxg5 8. Nxg5 Qxg5 9. a4 e6 10. g3 Bb4 11. Bxc4 Qa5 12. 0-0 Bxc3 13. bxc3 Nd7 14. Rfb1 Nb6 15. Bf1 Rb8 16. c4 Bd7 17. c5 Nd5 18. e4 Nf6 19. Bh3 Qc7 20. f4 0-0 21. a5 a6 22. Rb6 h5 23. Qe2 Rfe8 24. Rab1 g6 25. Bg2 Kh7 26. Qb2 Bc8 27. d5 Nd7 28. d6 Qd8 29. e5 Nxc5 30. Bxc6 Nd7 31. Bxd7 Qxd7 32. Qc3 Kg7 33. Qc7 Qxc7 34. dxc7 Ra8 35. Rd1 Re7 36. Rxb7 Bxb7 37. Rd8 Rxc7 0-1

[Event "Winnipeg TNT April"]
[Site "Winnipeg"]
[Date "2010.04.27"]
[Round "4"]
[White "Evans, Brian"]
[Black "Kumaragamage, Sashika"]
[Result "1-0"]
[WhiteElo "1556"]
[BlackElo "1386"]
[PlyCount "61"]
[EventDate "2010.04.06"]
[EventType "swiss"]
[EventRounds "4"]
[EventCountry "CAN"]
[SourceTitle "EXT 2019"]
[Source "ChessBase"]
[SourceDate "2018.10.10"]
[SourceVersion "1"]
[SourceVersionDate "2018.10.10"]
[SourceQuality "1"]

1. e4 e5 2. Nf3 Nc6 3. Bb5 Nf6 4. 0-0 Bc5 5. h3 d6 6. Bxc6+ bxc6 7. d4 exd4 8. Nxd4 Bb7 9. Re1 0-0 10. Nb3 Bb6 11. a4 a5 12. Be3 Nxe4 13. Bxb6 cxb6 14. Rxe4 Qg5 15. Rg4 Qe5 16. Qd4 c5 17. Qxe5 dxe5 18. Na3 f5 19. Rg3 Rfd8 20. Nc4 Ba6 21. Nxe5 c4 22. Nc6 Rd7 23. Nbd4 Rc8 24. Re1 Kf7 25. Ne5+ Ke8 26. Nxd7+ Kxd7 27. Rxg7+ Kd6 28. Nxf5+ Kc5 29. c3 b5 30. Re5+ Kc6 31. Nd4+ 1-0

[Event "Winnipeg TNT April"]
[Site "Winnipeg"]
[Date "2010.04.20"]
[Round "3"]
[White "Wasserman, Leor"]
[Black "Kumaragamage, Sashika"]
[Result "0-1"]
[WhiteElo "1731"]
[BlackElo "1386"]
[PlyCount "55"]
[EventDate "2010.04.06"]
[EventType "swiss"]
[EventRounds "4"]
[EventCountry "CAN"]
[SourceTitle "EXT 2019"]
[Source "ChessBase"]
[SourceDate "2018.10.10"]
[SourceVersion "1"]
[SourceVersionDate "2018.10.10"]
[SourceQuality "1"]

1. d4 Nf6 2. c4 e6 3. Nc3 Bb4 4. Nf3 0-0 5. Bg5 h6 6. Bh4 c5 7. e3 Qa5 8. Qc2 Ne4 9. Rc1 d5 10. cxd5 exd5 11. Bd3 Nc6 12. 0-0 cxd4 13. Nxd4 Nxd4 14. exd4 Nxc3 15. bxc3 Bd6 16. Qb3 Be6 17. Qxb7 Qxa2 18. Qa6 Qxa6 19. Bxa6 Rab8 20. Rb1 Bf5 21. Rb7 Rxb7 22. Bxb7 Bd3 23. Ra1 a6 24. Bxa6 Ra8 25. Bxd3 Rxa1+ 26. Bf1 Bxh2+ 27. Kxh2 Rxf1 28. g4 0-1

[Event "Winnipeg Grand Prix final"]
[Site "Winnipeg"]
[Date "2009.11.26"]
[Round "3"]
[White "Kumaragamage, Sashika"]
[Black "Green, Leah"]
[Result "0-1"]
[WhiteElo "1361"]
[BlackElo "1268"]
[PlyCount "80"]
[EventDate "2009.11.03"]
[EventType "swiss"]
[EventRounds "6"]
[EventCountry "CAN"]
[SourceTitle "EXT 2011"]
[Source "ChessBase"]
[SourceDate "2010.11.26"]
[SourceVersion "1"]
[SourceVersionDate "2010.11.26"]
[SourceQuality "1"]

1. d4 d5 2. c4 Nf6 3. Bg5 e6 4. e3 h6 5. Bh4 Nc6 6. Nc3 Be7 7. Nf3 a6 8. Bd3 dxc4 9. Bxc4 b5 10. Bd3 Bb7 11. 0-0 Nd5 12. Bxe7 Ncxe7 13. Ne5 Nc6 14. Nxd5 Qxd5 15. Qc2 Nxe5 16. Be4 Qxe4 17. Qxe4 Bxe4 18. dxe5 0-0 19. Rac1 Rac8 20. f3 Bd5 21. e4 Bxa2 22. Rc6 Bc4 23. Rd1 Rfd8 24. Rxd8+ Rxd8 25. Rxa6 Rd1+ 26. Kf2 Rb1 27. f4 Rxb2+ 28. Kf3 Bf1 29. g3 Rxh2 30. Ra8+ Kh7 31. f5 exf5 32. exf5 Bg2+ 33. Kf4 Bxa8 34. g4 b4 35. g5 b3 36. e6 fxe6 37. fxe6 b2 38. e7 Re2 39. Kf5 Rxe7 40. g6+ Kg8 0-1

[Event "Winnipeg Grand Prix final"]
[Site "Winnipeg"]
[Date "2009.11.24"]
[Round "4"]
[White "Ott, Richard"]
[Black "Kumaragamage, Sashika"]
[Result "1-0"]
[WhiteElo "1555"]
[BlackElo "1361"]
[PlyCount "41"]
[EventDate "2009.11.03"]
[EventType "swiss"]
[EventRounds "6"]
[EventCountry "CAN"]
[SourceTitle "EXT 2011"]
[Source "ChessBase"]
[SourceDate "2010.11.26"]
[SourceVersion "1"]
[SourceVersionDate "2010.11.26"]
[SourceQuality "1"]

1. d4 d5 2. c4 Nf6 3. cxd5 Nxd5 4. Nf3 Bg4 5. Ne5 Bh5 6. Qb3 Nb6 7. e3 N8d7 8. Be2 Bg6 9. Nxg6 hxg6 10. Nc3 e6 11. Bd2 Bd6 12. g3 c6 13. e4 Qe7 14. e5 Bc7 15. Ne4 c5 16. Bg5 Qf8 17. dxc5 Nxc5 18. Bb5+ Nbd7 19. Bxd7+ Kxd7 20. Qb5+ Kc8 21. Nxc5 1-0